Manažment verejného dlhu vo vybranej krajine EÚ (OECD) a porovnanie so SR diplomová práca

Salvato in:
Dettagli Bibliografici
Autore principale: Takáčová, Karin
Ente Autore: Národohospodárska fakulta EU. Katedra financií
Altri autori: Hocman, František, 1983-
Natura: Libro
Lingua:slovacco
Pubblicazione: Bratislava 2014
Tags: Aggiungi Tag
Nessun Tag, puoi essere il primo ad aggiungerne!!

MARC

LEADER 00000nbm a2200000 4500
001 0187556
005 20170201090140.4
041 0 |a slo 
044 |a SK 
245 1 0 |a Manažment verejného dlhu vo vybranej krajine EÚ (OECD) a porovnanie so SR  |b diplomová práca  |c Karin Takáčová ; školiteľ: František Hocman 
264 1 |a Bratislava  |c 2014 
300 |a 70 s. 
100 1 |a Takáčová, Karin 
700 1 |a Hocman, František, 1983- 
710 2 |a Národohospodárska fakulta EU. Katedra financií